[Event "TUR-chT2"]
[Site "Konya"]
[Date "2018.07.11"]
[Round "3.21"]
[White "Ozturkler, Baris"]
[Black "Coban, Mete Sadik"]
[Result "1/2-1/2"]
[WhiteElo "2016"]
[BlackElo "1881"]
[PlyCount "60"]
[EventDate "2018.07.10"]
[EventType "team-swiss"]
[EventRounds "9"]
[EventCountry "TUR"]
[SourceTitle "EXT 2019"]
[Source "ChessBase"]
[SourceDate "2018.10.10"]
[SourceVersion "1"]
[SourceVersionDate "2018.10.10"]
[SourceQuality "1"]
[WhiteTeam "Akcakoca Esentepe Okulu"]
[BlackTeam "Akcakoca Palamut Bric"]
[WhiteTeamCountry "TUR"]
[BlackTeamCountry "TUR"]

1. e4 c5 2. Nc3 a6 3. g3 b5 4. Bg2 Bb7 5. Nge2 e6 6. 0-0 d6 7. d4 cxd4 8. Nxd4 Nf6 9. a3 Qc7 10. Be3 Nbd7 11. Nb3 Ne5 12. Nd2 h5 13. h3 Rc8 14. Qe2 Nc4 15. Nxc4 Qxc4 16. Qxc4 Rxc4 17. f3 d5 18. exd5 Nxd5 19. Nxd5 Bxd5 20. c3 Bc5 21. Rfe1 Bxe3+ 22. Rxe3 h4 23. Rd1 0-0 24. Bf1 Ra4 25. g4 Rf4 26. Bg2 g5 27. Rd2 Rc8 28. Red3 f6 29. Rd4 Rxd4 30. Rxd4 Rc4 1/2-1/2

[Event "TUR-chT 1st League"]
[Site "Konya"]
[Date "2017.07.21"]
[Round "7.7"]
[White "Coban, Mete Sadik"]
[Black "Hajiyev, Shahin Qabil"]
[Result "0-1"]
[WhiteElo "1894"]
[BlackElo "2008"]
[PlyCount "90"]
[EventDate "2017.07.17"]
[EventType "team-swiss"]
[EventRounds "9"]
[EventCountry "TUR"]
[SourceTitle "CBM 179 Extra"]
[Source "ChessBase"]
[SourceDate "2017.08.23"]
[SourceVersion "1"]
[SourceVersionDate "2017.08.23"]
[SourceQuality "1"]
[WhiteTeam "Manisa Turkuaz"]
[BlackTeam "Kahramanmaras CC"]
[WhiteTeamCountry "TUR"]
[BlackTeamCountry "TUR"]

1. e4 c5 2. c3 Nf6 3. e5 Nd5 4. d4 cxd4 5. cxd4 e6 6. Nf3 Nc6 7. Bc4 Nb6 8. Bb3 Be7 9. 0-0 d6 10. Qe2 0-0 11. Nc3 Bd7 12. Rd1 Nb4 13. Bf4 Bc6 14. Ne4 Bxe4 15. Qxe4 d5 16. Qe2 a5 17. Rdc1 a4 18. Bd1 a3 19. bxa3 Rxa3 20. Bb3 Qd7 21. Bd2 Rfa8 22. Bxb4 Bxb4 23. Ne1 Bf8 24. Nc2 R3a5 25. Ne3 Na4 26. f4 Rc8 27. Qd2 Raa8 28. f5 b5 29. Qd3 Rxc1+ 30. Rxc1 Nb6 31. Rf1 Nc4 32. Ng4 exf5 33. Rxf5 Be7 34. Qh3 Qe6 35. Rf2 Bg5 36. Bc2 h6 37. Qg3 Ra3 38. Rf3 Rxa2 39. Bd3 Ra1+ 40. Rf1 Rxf1+ 41. Kxf1 Qa6 42. Qe1 Qa7 43. Qf2 Qa1+ 44. Ke2 Qc1 45. h4 Qd2+ 0-1

[Event "TUR Cup"]
[Site "Antalya"]
[Date "2017.02.03"]
[Round "10"]
[White "Koker, Turan Sevki"]
[Black "Coban, Mete Sadik"]
[Result "0-1"]
[WhiteElo "1785"]
[BlackElo "1923"]
[PlyCount "60"]
[EventDate "2017.01.28"]
[EventType "swiss"]
[EventRounds "11"]
[EventCountry "TUR"]
[SourceTitle "CBM 176 Extra"]
[Source "ChessBase"]
[SourceDate "2017.03.02"]
[SourceVersion "1"]
[SourceVersionDate "2017.03.02"]
[SourceQuality "1"]

1. e4 c5 2. c3 Nf6 3. e5 Nd5 4. d4 cxd4 5. Nf3 Nc6 6. cxd4 d6 7. Bc4 Nb6 8. Bb5 dxe5 9. Nxe5 Bd7 10. Nxd7 Qxd7 11. Nc3 Rd8 12. 0-0 e6 13. Bg5 Be7 14. Bxe7 Qxe7 15. Qg4 0-0 16. Bxc6 bxc6 17. Rfd1 Qb4 18. Rd3 Qxb2 19. Rad1 Nd5 20. Rg3 g6 21. Na4 Qb4 22. Nc5 Nc3 23. Nxe6 Qb2 24. Re1 Rxd4 25. f4 Qb6 26. Kh1 Ne4 27. Rf3 Qa6 28. h4 Qxa2 29. Kh2 Qd5 30. Rfe3 Nf6 0-1

[Event "TUR Cup"]
[Site "Antalya"]
[Date "2017.02.02"]
[Round "9"]
[White "Coban, Mete Sadik"]
[Black "Peker, Serdar"]
[Result "1-0"]
[WhiteElo "1923"]
[BlackElo "1763"]
[PlyCount "68"]
[EventDate "2017.01.28"]
[EventType "swiss"]
[EventRounds "11"]
[EventCountry "TUR"]
[SourceTitle "CBM 176 Extra"]
[Source "ChessBase"]
[SourceDate "2017.03.02"]
[SourceVersion "1"]
[SourceVersionDate "2017.03.02"]
[SourceQuality "1"]

1. e4 c5 2. c3 d5 3. exd5 Qxd5 4. d4 Nf6 5. Nf3 e6 6. Bd3 Be7 7. dxc5 Bxc5 8. Qe2 0-0 9. 0-0 Nc6 10. Bg5 Be7 11. Nbd2 h6 12. Bh4 Qh5 13. Rad1 Re8 14. Bg3 Qg4 15. h3 Qa4 16. Bb1 Nh5 17. Bh2 Nf4 18. Qc4 Qxc4 19. Nxc4 Nd5 20. Nce5 Nxe5 21. Nxe5 b5 22. Rfe1 Bb7 23. c4 bxc4 24. Nxc4 Ba6 25. Nd6 Red8 26. Rxd5 Rd7 27. Ra5 Bxd6 28. Rxa6 Bxh2+ 29. Kxh2 Rd2 30. Be4 Rb8 31. Rxa7 Rdxb2 32. Ra1 Rxf2 33. Ra8 Rxa8 34. Bxa8 Rf5 1-0

[Event "TUR-chT"]
[Site "Konya"]
[Date "2012.07.22"]
[Round "13"]
[White "Coban, Mete Sadik"]
[Black "Ari, Zeki"]
[Result "0-1"]
[WhiteElo "1930"]
[BlackElo "2199"]
[PlyCount "88"]
[EventDate "2012.07.11"]
[EventType "team-tourn"]
[EventRounds "13"]
[EventCountry "TUR"]
[SourceTitle "CBM 149 Extra"]
[Source "ChessBase"]
[SourceDate "2012.08.24"]
[SourceVersion "1"]
[SourceVersionDate "2012.08.24"]
[SourceQuality "1"]
[WhiteTeam "Adana Truva"]
[BlackTeam "Antalya Calli"]
[WhiteTeamCountry "TUR"]
[BlackTeamCountry "TUR"]

1. e4 c5 2. Nf3 e6 3. d4 cxd4 4. Nxd4 a6 5. c4 Bc5 6. Nb3 Ba7 7. Bd3 Nc6 8. Nc3 Nge7 9. c5 d6 10. Be3 dxc5 11. Nxc5 Qd6 12. Nb3 Bxe3 13. fxe3 0-0 14. Qe2 b5 15. 0-0 Bb7 16. Rad1 Qe5 17. Kh1 Rad8 18. Nd2 Ng6 19. Nf3 Qh5 20. a4 b4 21. Nb1 a5 22. Bc2 Qc5 23. Rc1 Qb6 24. Rfd1 Nge5 25. Qb5 Qc7 26. Rxd8 Rxd8 27. Bb3 Qb8 28. Nbd2 h6 29. Nc4 Nxc4 30. Bxc4 Qa7 31. Re1 Ne7 32. Nd4 Bxe4 33. Rf1 Bd5 34. Bd3 Rb8 35. Qa6 Qxa6 36. Bxa6 Bb7 37. Bxb7 Rxb7 38. Rc1 Nd5 39. Rc5 Nxe3 40. Rxa5 Rd7 41. Nf3 Rd1+ 42. Ng1 Rd2 43. Rb5 Rxb2 44. a5 Ra2 0-1

[Event "TUR-chT"]
[Site "Konya"]
[Date "2012.07.19"]
[Round "10"]
[White "Coban, Mete Sadik"]
[Black "Akcan, Umit"]
[Result "0-1"]
[WhiteElo "1930"]
[BlackElo "2127"]
[PlyCount "47"]
[EventDate "2012.07.11"]
[EventType "team-tourn"]
[EventRounds "13"]
[EventCountry "TUR"]
[SourceTitle "CBM 149 Extra"]
[Source "ChessBase"]
[SourceDate "2012.08.24"]
[SourceVersion "1"]
[SourceVersionDate "2012.08.24"]
[SourceQuality "1"]
[WhiteTeam "Adana Truva"]
[BlackTeam "Manisa TS Alyans"]
[WhiteTeamCountry "TUR"]
[BlackTeamCountry "TUR"]

1. e4 c5 2. Nf3 Nc6 3. d4 cxd4 4. Nxd4 g6 5. c4 Nf6 6. Nc3 d6 7. Be2 Nxd4 8. Qxd4 Bg7 9. Be3 0-0 10. Qd2 a5 11. 0-0 a4 12. Rfd1 Qa5 13. Rac1 Be6 14. f3 Rfc8 15. Nb5 Nd7 16. Qxa5 Rxa5 17. Nd4 Nc5 18. Nxe6 Nxe6 19. Rd5 Nc5 20. Bd4 Nd3 21. Rd1 Bxd4+ 22. Rxd4 Nxb2 23. R1d2 a3 24. Rd5 0-1

[Event "TUR-chT"]
[Site "Konya"]
[Date "2012.07.16"]
[Round "6"]
[White "Coban, Mete Sadik"]
[Black "Komut, Burak"]
[Result "0-1"]
[WhiteElo "1930"]
[BlackElo "2008"]
[PlyCount "123"]
[EventDate "2012.07.11"]
[EventType "team-tourn"]
[EventRounds "13"]
[EventCountry "TUR"]
[SourceTitle "CBM 149 Extra"]
[Source "ChessBase"]
[SourceDate "2012.08.24"]
[SourceVersion "1"]
[SourceVersionDate "2012.08.24"]
[SourceQuality "1"]
[WhiteTeam "Adana Truva"]
[BlackTeam "Tarsus Zeka"]
[WhiteTeamCountry "TUR"]
[BlackTeamCountry "TUR"]

1. e4 e5 2. Nf3 Nc6 3. Bb5 a6 4. Ba4 Nf6 5. 0-0 Be7 6. Re1 b5 7. Bb3 0-0 8. a4 Bb7 9. d3 d6 10. c3 Na5 11. Ba2 c5 12. Nbd2 Qd7 13. axb5 axb5 14. Bb1 Rfe8 15. d4 exd4 16. cxd4 Nc6 17. Rxa8 Rxa8 18. b3 Rd8 19. d5 Ne5 20. Bb2 Ng6 21. g3 Ng4 22. h3 N4e5 23. Nxe5 dxe5 24. h4 Bd6 25. h5 Nf8 26. Qf3 Rb8 27. Kg2 h6 28. Rh1 Ba6 29. Nf1 Bc8 30. Ne3 Qb7 31. Bc1 Nh7 32. Nf5 Bxf5 33. Qxf5 c4 34. f4 Qe7 35. Bb2 f6 36. Rc1 cxb3 37. Rc6 Re8 38. Rb6 b4 39. Rc6 Nf8 40. Bd3 Ra8 41. fxe5 fxe5 42. Ba6 Kh8 43. Kh3 Nh7 44. Rc8+ Rxc8 45. Qxc8+ Nf8 46. Qf5 Qc7 47. Bc8 Nh7 48. Ba6 Ng5+ 49. Kg4 Qc2 50. Qc8+ Qxc8+ 51. Bxc8 Nxe4 52. Bf5 Nc3 53. Kf3 Nxd5 54. Be6 Nf6 55. g4 e4+ 56. Ke2 Bc5 57. Kd2 Bf2 58. Ke2 e3 59. Bd4 Ne4 60. Bxb3 Nf6 61. Kf3 Kh7 62. Be6 0-1

[Event "TUR-chT"]
[Site "Konya"]
[Date "2012.07.14"]
[Round "4"]
[White "Apaydin, Fethi"]
[Black "Coban, Mete Sadik"]
[Result "1-0"]
[WhiteElo "2203"]
[BlackElo "1930"]
[PlyCount "29"]
[EventDate "2012.07.11"]
[EventType "team-tourn"]
[EventRounds "13"]
[EventCountry "TUR"]
[SourceTitle "CBM 149 Extra"]
[Source "ChessBase"]
[SourceDate "2012.08.24"]
[SourceVersion "1"]
[SourceVersionDate "2012.08.24"]
[SourceQuality "1"]
[WhiteTeam "Besiktas Jimnastik"]
[BlackTeam "Adana Truva"]
[WhiteTeamCountry "TUR"]
[BlackTeamCountry "TUR"]

1. d4 Nf6 2. Nc3 g6 3. e4 d6 4. f4 Bg7 5. Nf3 0-0 6. e5 Nfd7 7. h4 c5 8. h5 cxd4 9. hxg6 hxg6 10. Qxd4 dxe5 11. fxe5 Nxe5 12. Qh4 Nxf3+ 13. gxf3 Re8 14. Qh7+ Kf8 15. Bh6 1-0

[Event "TUR-chT"]
[Site "Konya"]
[Date "2012.07.11"]
[Round "1"]
[White "Cetinkaya, Vedat Ali"]
[Black "Coban, Mete Sadik"]
[Result "1-0"]
[WhiteElo "2040"]
[BlackElo "1930"]
[PlyCount "79"]
[EventDate "2012.07.11"]
[EventType "team-tourn"]
[EventRounds "13"]
[EventCountry "TUR"]
[SourceTitle "CBM 149 Extra"]
[Source "ChessBase"]
[SourceDate "2012.08.24"]
[SourceVersion "1"]
[SourceVersionDate "2012.08.24"]
[SourceQuality "1"]
[WhiteTeam "Antalya Deniz Genclik"]
[BlackTeam "Adana Truva"]
[WhiteTeamCountry "TUR"]
[BlackTeamCountry "TUR"]

1. d4 Nf6 2. c4 g6 3. Nf3 Bg7 4. g3 0-0 5. Bg2 d6 6. Nc3 Nbd7 7. e4 c6 8. h3 e5 9. Be3 Re8 10. 0-0 exd4 11. Nxd4 Qc7 12. Re1 a6 13. Rc1 Nc5 14. Qc2 Qe7 15. f3 a5 16. Rcd1 Nfd7 17. f4 h5 18. Bf2 Nf8 19. Kh2 Qc7 20. Ndb5 cxb5 21. Nxb5 Qe7 22. Nxd6 Na6 23. Nxe8 Qxe8 24. b3 Qc6 25. e5 Qc7 26. Rd6 Nc5 27. Qd2 Nfe6 28. Qe3 Bf8 29. Rd2 Bd7 30. Red1 Rb8 31. Bd5 b6 32. f5 gxf5 33. Bxe6 Bxe6 34. Qg5+ Bg7 35. Rd8+ Rxd8 36. Rxd8+ Kh7 37. Be3 Qxd8 38. Qxd8 Bxe5 39. Qxb6 Ne4 40. Bf4 1-0

[Event "TUR-chT"]
[Site "Konya"]
[Date "2011.07.08"]
[Round "12"]
[White "Gulden, Egemen"]
[Black "Coban, Mete Sadik"]
[Result "0-1"]
[WhiteElo "1690"]
[BlackElo "1922"]
[PlyCount "102"]
[EventDate "2011.06.28"]
[EventType "team-swiss"]
[EventRounds "13"]
[EventCountry "TUR"]
[SourceTitle "CBM 143 Extra"]
[Source "ChessBase"]
[SourceDate "2011.08.29"]
[SourceVersion "1"]
[SourceVersionDate "2011.08.29"]
[SourceQuality "1"]
[WhiteTeam "Yesilkoy"]
[BlackTeam "Adana Truva"]
[WhiteTeamCountry "TUR"]
[BlackTeamCountry "TUR"]

1. d4 Nf6 2. g3 g6 3. Bg2 Bg7 4. c4 0-0 5. Nf3 d6 6. 0-0 c6 7. Nc3 a6 8. Bd2 b5 9. cxb5 axb5 10. Qc2 Bb7 11. Rfc1 Nbd7 12. Ne1 Qb6 13. e3 c5 14. dxc5 dxc5 15. Nd3 Rfc8 16. a4 Bxg2 17. Kxg2 b4 18. Nb5 e5 19. b3 Qc6+ 20. Kg1 Qd5 21. Nb2 e4 22. Nc4 Ng4 23. Rab1 Qh5 24. Be1 Qxh2+ 25. Kf1 Qh1+ 26. Ke2 Qf3+ 27. Kf1 Qh1+ 28. Ke2 Nde5 29. Nxe5 Bxe5 30. Bxb4 Qf3+ 31. Ke1 Nxe3 32. Qe2 cxb4 33. Qxe3 Qxe3+ 34. fxe3 Bxg3+ 35. Ke2 Be5 36. Rxc8+ Rxc8 37. Kd2 Kf8 38. Rc1 Rxc1 39. Kxc1 Ke7 40. Kd2 h5 41. Ke2 h4 42. Kf2 g5 43. Kg2 g4 44. a5 Kd7 45. a6 Kc6 46. Kf2 h3 47. Kf1 g3 48. Kg1 f5 49. Nd4+ Bxd4 50. exd4 e3 51. d5+ Kd6 0-1

[Event "TUR-chT"]
[Site "Konya"]
[Date "2011.07.04"]
[Round "8"]
[White "Uzun, Sarp"]
[Black "Coban, Mete Sadik"]
[Result "1/2-1/2"]
[WhiteElo "1967"]
[BlackElo "1922"]
[PlyCount "73"]
[EventDate "2011.06.28"]
[EventType "team-swiss"]
[EventRounds "13"]
[EventCountry "TUR"]
[SourceTitle "CBM 143 Extra"]
[Source "ChessBase"]
[SourceDate "2011.08.29"]
[SourceVersion "1"]
[SourceVersionDate "2011.08.29"]
[SourceQuality "1"]
[WhiteTeam "Tarsus Zeka"]
[BlackTeam "Adana Truva"]
[WhiteTeamCountry "TUR"]
[BlackTeamCountry "TUR"]

1. Nf3 Nf6 2. c4 g6 3. g3 Bg7 4. Bg2 0-0 5. 0-0 d6 6. d4 c6 7. Nc3 a6 8. e4 Qc7 9. h3 b5 10. cxb5 axb5 11. Qc2 b4 12. Nb1 b3 13. Qxb3 Nxe4 14. Re1 Be6 15. Qc2 Nf6 16. Nc3 Na6 17. Qe2 h6 18. Be3 Nb4 19. a3 Nbd5 20. Rac1 Nxc3 21. Rxc3 Nd5 22. Rcc1 Rfb8 23. g4 Rb6 24. Rc2 Qb7 25. Bc1 Rb3 26. Nh4 g5 27. Nf3 Qa6 28. Qe4 Rb6 29. Rce2 Nf6 30. Qc2 Bb3 31. Qd2 e6 32. Kh1 Bc4 33. Re3 Nd5 34. Re4 Nf6 35. R4e3 Nd5 36. Re4 Nf6 37. R4e3 1/2-1/2

[Event "TUR-chT"]
[Site "Konya"]
[Date "2010.07.07"]
[Round "12"]
[White "Okay, Arda Efe"]
[Black "Coban, Mete Sadik"]
[Result "1-0"]
[WhiteElo "1852"]
[BlackElo "1919"]
[PlyCount "85"]
[EventDate "2010.06.29"]
[EventType "team-tourn"]
[EventRounds "13"]
[EventCountry "TUR"]
[SourceTitle "CBM 137 Extra"]
[Source "ChessBase"]
[SourceDate "2010.09.01"]
[SourceVersion "1"]
[SourceVersionDate "2010.09.01"]
[SourceQuality "1"]

1. e4 c5 2. Nf3 d6 3. d4 cxd4 4. Nxd4 Nf6 5. Nc3 g6 6. Be3 Bg7 7. f3 0-0 8. Bc4 a6 9. Qd2 b5 10. Bb3 Bb7 11. g4 Nbd7 12. h4 Nc5 13. h5 b4 14. Na4 Bxe4 15. fxe4 Nxg4 16. hxg6 hxg6 17. Qg2 Nxb3 18. Qh3 Re8 19. axb3 Nxe3 20. Qxe3 Qc7 21. 0-0-0 Qa7 22. Qd3 Qxd4 23. Qxd4 Bxd4 24. Rxd4 Rab8 25. Rc4 Rec8 26. Rxc8+ Rxc8 27. Nb6 Rc5 28. Nd5 e6 29. Nf6+ Kg7 30. Ne8+ Kf8 31. Nxd6 f5 32. Rh7 Re5 33. Kd2 Kg8 34. Re7 f4 35. Kd3 g5 36. Nc4 Rc5 37. Rxe6 Kf7 38. Re5 Rxe5 39. Nxe5+ Ke6 40. Ng4 Kd6 41. Kd4 a5 42. e5+ Ke6 43. Ke4 1-0

[Event "TUR-chT"]
[Site "Konya"]
[Date "2010.07.05"]
[Round "8"]
[White "Firat, Burak"]
[Black "Coban, Mete Sadik"]
[Result "1-0"]
[WhiteElo "2403"]
[BlackElo "1919"]
[PlyCount "89"]
[EventDate "2010.06.29"]
[EventType "team-tourn"]
[EventRounds "13"]
[EventCountry "TUR"]
[SourceTitle "CBM 137 Extra"]
[Source "ChessBase"]
[SourceDate "2010.09.01"]
[SourceVersion "1"]
[SourceVersionDate "2010.09.01"]
[SourceQuality "1"]

1. e4 c5 2. Nf3 d6 3. d4 cxd4 4. Nxd4 Nf6 5. Nc3 g6 6. Be3 Bg7 7. f3 0-0 8. Qd2 Nc6 9. 0-0-0 d5 10. exd5 Nxd5 11. Nxc6 bxc6 12. Bd4 e5 13. Bc5 Be6 14. Ne4 Re8 15. Bc4 Qc7 16. h4 h6 17. g4 Rad8 18. Qe1 Rd7 19. g5 h5 20. Rh2 Red8 21. Rhd2 Kh7 22. Ba3 Nf4 23. Rxd7 Rxd7 24. Bd6 Qd8 25. Qb4 Qc7 26. Qe1 Qd8 27. Qb4 Nd5 28. Qc5 Qb6 29. a4 Rb7 30. b3 a5 31. Rd2 Nf4 32. Bf1 Bd5 33. Qxb6 Rxb6 34. Nc5 Ne6 35. Nd7 Rb7 36. Nxe5 Bxe5 37. Bxe5 Bxf3 38. Bc3 Ra7 39. Bc4 Ng7 40. Rd8 Bg4 41. Rf8 Be6 42. Bxe6 fxe6 43. Rd8 c5 44. Be5 Rb7 45. Kd2 1-0

[Event "TUR-chT"]
[Site "Konya"]
[Date "2010.07.04"]
[Round "7"]
[White "Coban, Mete Sadik"]
[Black "Yargici, Mazhar Kutay"]
[Result "0-1"]
[WhiteElo "1919"]
[BlackElo "1822"]
[PlyCount "80"]
[EventDate "2010.06.29"]
[EventType "team-tourn"]
[EventRounds "13"]
[EventCountry "TUR"]
[SourceTitle "CBM 137 Extra"]
[Source "ChessBase"]
[SourceDate "2010.09.01"]
[SourceVersion "1"]
[SourceVersionDate "2010.09.01"]
[SourceQuality "1"]

1. e4 e5 2. Nf3 Nc6 3. Bb5 a6 4. Ba4 Nf6 5. 0-0 Be7 6. Re1 b5 7. Bb3 0-0 8. c3 d6 9. h3 Nb8 10. d4 Nbd7 11. Nbd2 Bb7 12. a4 h6 13. Qe2 Rb8 14. axb5 axb5 15. Bc2 Re8 16. Nf1 Bf8 17. Ng3 exd4 18. cxd4 c5 19. Qd3 cxd4 20. Qxd4 Qc7 21. Bd3 d5 22. e5 Bc5 23. Qf4 Ne4 24. Nxe4 Nxe5 25. Nxe5 Rxe5 26. Qg3 dxe4 27. Bf4 Bd6 28. Bxe5 Bxe5 29. Qe3 Bxb2 30. Rab1 Bc3 31. Rec1 exd3 32. Qxd3 Qc6 33. Qg3 Rc8 34. Rb3 b4 35. Rxb4 Bxb4 36. Rxc6 Bxc6 37. Qg4 Rb8 38. Qc4 Bd6 39. f3 Bg3 40. Qc2 Re8 0-1

[Event "TUR-chT"]
[Site "Kocaeli"]
[Date "2008.06.30"]
[Round "11"]
[White "Sevgil, Baran Suat"]
[Black "Coban, Mete Sadik"]
[Result "1/2-1/2"]
[WhiteElo "1923"]
[BlackElo "1864"]
[PlyCount "85"]
[EventDate "2008.06.24"]
[EventType "team"]
[EventRounds "15"]
[EventCountry "TUR"]
[SourceTitle "CBM 125 Extra"]
[Source "ChessBase"]
[SourceDate "2008.09.01"]
[SourceVersion "1"]
[SourceVersionDate "2008.09.01"]
[SourceQuality "1"]

1. e4 c5 2. Nf3 Nc6 3. d4 cxd4 4. Nxd4 g6 5. c4 Nf6 6. Nc3 Nxd4 7. Qxd4 d6 8. Be2 Bg7 9. 0-0 0-0 10. Qd1 Qa5 11. a3 Be6 12. Be3 Rfc8 13. Nd5 Nxd5 14. cxd5 Bd7 15. Bd4 Bxd4 16. Qxd4 Qc5 17. Qd3 Qc2 18. Qe3 Qc5 19. Qg5 f6 20. Qf4 Qd4 21. Rfd1 Qe5 22. Qxe5 fxe5 23. Rdc1 a6 24. h3 Rxc1+ 25. Rxc1 Rc8 26. Rxc8+ Bxc8 27. f3 Kf8 28. Kf2 Ke8 29. Ke3 Kd8 30. h4 h6 31. g3 Ke8 32. f4 exf4+ 33. Kxf4 e5+ 34. dxe6 Bxe6 35. Bg4 Ke7 36. Bxe6 Kxe6 37. g4 Kf6 38. b3 b6 39. b4 b5 40. Kf3 g5 41. h5 Ke6 42. Ke2 Ke5 43. Ke3 1/2-1/2

[Event "TUR-chT"]
[Site "Kocaeli"]
[Date "2008.06.24"]
[Round "1"]
[White "Ozcan, Sezer"]
[Black "Coban, Mete Sadik"]
[Result "1/2-1/2"]
[WhiteElo "1874"]
[BlackElo "1864"]
[PlyCount "73"]
[EventDate "2008.06.24"]
[EventType "team"]
[EventRounds "15"]
[EventCountry "TUR"]
[SourceTitle "CBM 125 Extra"]
[Source "ChessBase"]
[SourceDate "2008.09.01"]
[SourceVersion "1"]
[SourceVersionDate "2008.09.01"]
[SourceQuality "1"]

1. e4 c5 2. b3 Nc6 3. Bb2 e6 4. d3 Nf6 5. Nd2 Be7 6. g3 0-0 7. Bg2 d5 8. Ne2 dxe4 9. dxe4 Qc7 10. 0-0 Rd8 11. Qe1 Nb4 12. Qc1 Rb8 13. Nc4 Nd7 14. f4 b6 15. Ne3 Ba6 16. Rf2 c4 17. a3 Nc6 18. b4 Bf6 19. e5 Be7 20. Nc3 b5 21. Qe1 Nf8 22. Ne4 Ng6 23. h4 Rd7 24. h5 Nf8 25. Ng4 h6 26. Qe3 Qb6 27. Qe1 Nd4 28. Kh2 Nf5 29. Bc3 Rbd8 30. Qe2 Bb7 31. Re1 a6 32. Nd2 Bxg2 33. Kxg2 Qc6+ 34. Kh3 Qb6 35. Kg2 Qc6+ 36. Kh3 Qb6 37. Kg2 1/2-1/2